000 00503nam a2200181Ia 4500
003 OSt
005 20260103105839.0
008 210210b1954 xxu||||| |||| 00| 0 eng d
040 _cAL
041 _aKannada
082 _a859/1774
100 _aVENKATADRI SHASTRI (M)
_9156476
_dವೆಂಕಟಾದ್ರಿ ಶಾಸ್ತ್ರಿ (ಎಂ)
245 _aMayavi:
_bಮಾಯಾವಿ
260 _aBengaluru
_b-
_c1954
690 _aKannada Fiction
_9156477
906 _a022495
942 _2ddc
_cBK
999 _c146898
_d146898